| 000 | 00845nam a22002295i 4500 | ||
|---|---|---|---|
| 001 | 159028 | ||
| 003 | ES-MaACL | ||
| 005 | 20251120063145.0 | ||
| 008 | 001004s1869 sp |||| | spa d | ||
| 040 |
_aEXT _bspa _cEXT |
||
| 080 | _a821.134.2-31"18" | ||
| 100 | 1 |
_aMartínez Villergas, Juan, _d1817-1894 _978481 |
|
| 245 | 1 | 4 |
_aLos espadachines _b: novela original / _cpor Juan Martínez Villergas. |
| 260 |
_aMadrid : _b[s.n.], _c1869 ( _fImprenta de La Victoria) |
||
| 300 |
_a2 v. (365; 392 p.) ; _c17 cm. |
||
| 530 | _aDisponible también en sitio web. | ||
| 597 | _aAntep. | ||
| 597 | _aSignaturizado. | ||
| 852 |
_aES-MaACL _jB-6244-45 _z-- Enc. hol. |
||
| 856 |
_uhttp://bibliotecadigitalhispanica.bne.es:80/webclient/DeliveryManager?pid=3634453&custom_att_2=simple_viewer _zIr a la página |
||
| 999 |
_c159028 _d159028 |
||